Studies onn the Floral Biology, Fruit set and Fruit Development in K. Lime (Citrus aurantiifolia swingle) (Record no. 50112)

MARC details
000 -LEADER
fixed length control field 00462nam a22001577a 4500
003 - CONTROL NUMBER IDENTIFIER
control field OSt
008 - FIXED-LENGTH DATA ELEMENTS--GENERAL INFORMATION
fixed length control field 260423b |||||||| |||| 00| 0 eng d
082 ## - DEWEY DECIMAL CLASSIFICATION NUMBER
Classification number 634.55
Item number B55S
100 ## - MAIN ENTRY--PERSONAL NAME
Personal name Bishwas, Ramesh Chandra
245 ## - TITLE STATEMENT
Title Studies onn the Floral Biology, Fruit set and Fruit Development in K. Lime (Citrus aurantiifolia swingle)
260 ## - PUBLICATION, DISTRIBUTION, ETC. (IMPRINT)
Place of publication, distribution, etc BAU, Sabour
Name of publisher, distributor, etc RAU, Sabour
Date of publication, distribution, etc 1986
300 ## - PHYSICAL DESCRIPTION
Extent 68P.
502 ## - DISSERTATION NOTE
Degree type Msc.
Year degree granted 1986
650 ## - SUBJECT ADDED ENTRY--TOPICAL TERM
Topical term or geographic name as entry element Horticulture
942 ## - ADDED ENTRY ELEMENTS (KOHA)
Source of classification or shelving scheme
Koha item type Thesis

No items available.

Hosted, Implemented, Customized & Maintained by: BestBookBuddies

Powered by Koha